Statistics for Hello Adele Lyrics

Click here to take the quiz!

General Stats

  • This quiz has been taken 2,103 times
  • The average score is 194 of 251

Answer Stats

Answer% Correct
hello
100%
i
99%
a
98%
me
98%
ya
98%
you
98%
it
97%
the
97%
it's
96%
to
95%
from
90%
other
90%
side
90%
so
89%
time
89%
wondering
89%
ever
88%
for
88%
if
88%
i'm
88%
be
87%
was
87%
all
86%
everything
86%
sorry
86%
that
86%
tell
85%
times
84%
time's
84%
after
83%
have
83%
call
82%
done
82%
go
82%
hear
82%
i've
81%
thousand
81%
can
80%
like
80%
these
80%
years
80%
over
79%
but
78%
must
78%
called
77%
say
77%
and
76%
us
76%
you'd
76%
meet
75%
we
75%
out
73%
your
73%
in
71%
when
71%
heal
69%
they
68%
about
67%
breaking
67%
california
67%
heart
67%
tried
67%
at
66%
how
66%
never
66%
used
66%
dreaming
65%
outside
65%
seem
65%
were
65%
are
64%
much
64%
supposed
64%
of
63%
anymore
62%
home
62%
younger
62%
free
61%
healing
61%
least
61%
who
61%
ain't
57%
apart
57%
don't
57%
doesn't
56%
no
56%
matter
55%
tear
55%
between
52%
clearly
51%
million
51%
miles
50%
talk
50%
difference
47%
felt
47%
our
47%
such
47%
world
46%
did
45%
feet
45%
myself
45%
there's
45%
where
45%
both
44%
forgotten
44%
hope
44%
fell
43%
make
43%
running
43%
typical
43%
you're
43%
before
42%
secret
40%
town
40%
nothing
39%
happened
36%
well
36%

Score Distribution

Percentile by Number Answered

Percent of People with Each Score

Your Score History

You have not taken this quiz